00504nam a2200193 a 4500001001300000003000900013005001700022008004100039020001000080082001700090100002100107245004000128260004600168300000900214500003500223505001000258650002100268700002100289nice12345678IN_TiNIC20260116011431.0050524s1958 newa grp 000 0 eng  ac10000a808.042bMAR aMartin, Harold C aThelogic and Rhetoric of Exposition aNew YorkbRinehart and Company, Incc1958 a204p aincludes index and biblioraphy2 aIndex aRhetoric-English1 aMartin, Harold C